Prácticas adecuadas para los viveros forestales : (Record no. 100263)

MARC details
000 -LEADER
campo de control de longitud fija 00724cam a2200217 i 4500
001 - NÚMERO DE CONTROL
campo de control 49779
005 - FECHA Y HORA DE LA ÚLTIMA TRANSACCIÓN
campo de control 20230410143347.0
008 - DATOS DE LONGITUD FIJA--INFORMACIÓN GENERAL
campo de control de longitud fija 071115b2000 ke a 000 0 spa
020 ## - NÚMERO INTERNACIONAL ESTÁNDAR DEL LIBRO
Número Internacional Estándar del Libro 9290591366
040 ## - FUENTE DE CATALOGACIÓN
Centro catalogador/agencia de origen DRFGD
041 0# - CÓDIGO DE IDIOMA
Código de lengua del texto/banda sonora o título independiente spa
050 14 - SIGNATURA TOPOGRÁFICA DE LA BIBLIOTECA DEL CONGRESO
Número de clasificación SD 401
Número de ítem W658p 2000
100 1# - ENTRADA PRINCIPAL--NOMBRE DE PERSONA
Nombre de persona Wightman, Kevyn Elizabeth
245 10 - MENCIÓN DEL TÍTULO
Título Prácticas adecuadas para los viveros forestales :
Resto del título guía práctica para los viveros comunitarios /
Mención de responsabilidad, etc. Kevyn Elizabeth Wightman
Resto del título tr. Nora A. de Allende
260 ## - PUBLICACIÓN, DISTRIBUCIÓN, ETC.
Lugar de publicación, distribución, etc. Nairobi, Kenya :
Nombre del editor, distribuidor, etc. Centro Internacional para Investigación en Agroforestería - ICRAF,
Fecha de publicación, distribución, etc. 2000
300 ## - DESCRIPCIÓN FÍSICA
Extensión 101 p.
Otras características físicas fotos
650 #0 - PUNTO DE ACCESO ADICIONAL DE MATERIA--TÉRMINO DE MATERIA
Término de materia o nombre geográfico como elemento de entrada Forest nurseries
650 #4 - PUNTO DE ACCESO ADICIONAL DE MATERIA--TÉRMINO DE MATERIA
Término de materia o nombre geográfico como elemento de entrada Viveros forestales.
942 ## - ELEMENTOS DE ENTRADA SECUNDARIOS (KOHA)
Fuente del sistema de clasificación o colocación Clasificación de Library of Congress
Tipo de ítem Koha
946 #0 - PROCESAMIENTO DE INFORMACIÓN LOCAL (OCLC)
a mfcruz
Holdings
Estatus retirado Estado de pérdida Fuente del sistema de clasificación o colocación Estado de daño No para préstamo Colección Biblioteca de origen Biblioteca actual Ubicación en estantería Fecha de adquisición Signatura topográfica completa Código de barras Visto por última vez Copia número Tipo de ítem Koha
    Clasificación de Library of Congress     Agricultura Biblioteca Juan Bosch Biblioteca Juan Bosch Automatización y Procesos Técnicos (1er. Piso) 10/04/2023 SD 401 W658p 2000 00000050928 21/01/2019 1